[Event "36th European Club Cup 2021"]
[Site "Struga"]
[Date "2021.09.19"]
[Round "2.60"]
[White "Moingt, Jean-Claude"]
[Black "Nord, Alexander"]
[Result "1/2-1/2"]
[WhiteElo "2125"]
[BlackElo "2144"]
[Annotator "NA"]
[PlyCount "166"]
[EventDate "2021.09.18"]
[EventType "team-tourn"]
[EventCountry "MKD"]
[SourceTitle "playchess.com"]
[Source "ChessBase"]
[SourceQuality "1"]
[TimeControl "40/5400+30:1800+30"]

1. e4 {[%emt 0:00:13]} c5 {[%emt 0:00:04]} 2. Nf3 {[%emt 0:00:31]} d6 {[%emt 0:
00:06]} 3. Bb5+ {[%emt 0:02:12]} Nd7 {[%emt 0:00:15]} 4. Ba4 {[%emt 0:00:08]}
Ngf6 {[%emt 0:03:17]} 5. O-O {[%emt 0:03:24]} g6 {[%emt 0:01:42]} 6. Re1 {
[%emt 0:01:49]} Bg7 {[%emt 0:00:28]} 7. c3 {[%emt 0:15:22]} O-O {[%emt 0:06:51]
} 8. d4 {[%emt 0:00:36]} e5 {[%emt 0:10:45]} 9. dxe5 {[%emt 0:12:05]} dxe5 {
[%emt 0:00:16]} 10. Nbd2 {[%emt 0:00:19]} Qe7 {[%emt 0:04:46]} 11. Nc4 {
[%emt 0:06:16]} Rd8 {[%emt 0:02:07]} 12. Nd6 {[%emt 0:03:08]} Nb6 {[%emt 0:04:
00]} 13. Nxc8 {[%emt 0:00:05]} Raxc8 {[%emt 0:00:09]} 14. Qc2 {[%emt 0:00:05]}
h6 {[%emt 0:05:43]} 15. Bb5 {[%emt 0:05:52]} c4 {[%emt 0:09:39]} 16. Be3 {
[%emt 0:02:33]} Nfd7 {[%emt 0:07:39]} 17. Bxd7 {[%emt 0:02:21]} Rxd7 {[%emt 0:
00:30]} 18. Red1 {[%emt 0:04:04]} Rcd8 {[%emt 0:00:55]} 19. Ne1 {[%emt 0:00:13]
} Kh7 {[%emt 0:02:31]} 20. Qe2 {[%emt 0:05:41]} Na4 {[%emt 0:07:26]} 21. Rxd7 {
[%emt 0:05:03]} Qxd7 {[%emt 0:00:04]} 22. Qxc4 {[%emt 0:00:53]} Nxb2 {[%emt 0:
00:33]} 23. Qb3 {[%emt 0:02:39]} Nd1 {[%emt 0:02:12]} 24. Nc2 {[%emt 0:03:27]}
Qd3 {[%emt 0:01:04]} 25. Bxa7 {[%emt 0:11:27]} Qe2 {[%emt 0:03:16]} 26. h4 {
[%emt 0:05:41]} Rd2 {[%emt 0:00:57]} 27. Qxf7 {[%emt 0:00:06]} Rxc2 {[%emt 0:
01:53]} 28. Rb1 {[%emt 0:00:08]} Nb2 {[%emt 0:06:35]} 29. Bc5 {[%emt 0:01:00]}
Qc4 {[%emt 0:05:16]} 30. Qxc4 {[%emt 0:01:27]} Nxc4 {[%emt 0:00:02]} 31. Rxb7 {
[%emt 0:00:12]} Kg8 {[%emt 0:00:20]} 32. Rb8+ {[%emt 0:02:09]} Kf7 {[%emt 0:00:
09]} 33. Rb7+ {[%emt 0:00:57]} Kf6 {[%emt 0:02:00]} 34. Be7+ {[%emt 0:00:05]}
Ke6 {[%emt 0:00:48]} 35. Bb4 {[%emt 0:00:09]} Bf6 {[%emt 0:00:30]} 36. Rh7 {
[%emt 0:03:32]} Bxh4 {[%emt 0:02:12]} 37. Rxh6 {[%emt 0:00:29]} Bxf2+ {[%emt 0:
00:10]} 38. Kh2 {[%emt 0:00:01]} Kf6 {[%emt 0:01:16]} 39. a4 {[%emt 0:00:52]}
Ra2 {[%emt 0:06:57]} 40. Rh3 {[%emt 0:00:00]} Be1 {[%emt 0:00:00]} 41. Rf3+ {
[%emt 0:01:15]} Ke6 {[%emt 0:04:05]} 42. Kh3 {[%emt 0:00:59]} Rxa4 {[%emt 0:00:
45]} 43. Kg4 {[%emt 0:00:48]} Bd2 {[%emt 0:00:58]} 44. Rf8 {[%emt 0:00:05]}
Ne3+ {[%emt 0:09:31]} 45. Kg5 {[%emt 0:02:42]} Nc2+ {[%emt 0:05:35]} 46. Kxg6 {
[%emt 0:00:07]} Nxb4 {[%emt 0:00:04]} 47. cxb4 {[%emt 0:00:07]} Bxb4 {[%emt 0:
00:16]} 48. Rf6+ {[%emt 0:00:05]} Kd7 {[%emt 0:01:01]} 49. Kf5 {[%emt 0:03:44]}
Bd6 {[%emt 0:04:03]} 50. Rg6 {[%emt 0:02:30]} Ra2 {[%emt 0:00:29]} 51. Rg7+ {
[%emt 0:00:09]} Kc6 {[%emt 0:00:09]} 52. Ke6 {[%emt 0:07:57]} Re2 {[%emt 0:01:
41]} 53. Rg4 {[%emt 0:01:24]} Bc7 {[%emt 0:01:03]} 54. g3 {[%emt 0:00:38]} Re3
{[%emt 0:00:16]} 55. Kf5 {[%emt 0:00:07]} Rf3+ {[%emt 0:04:19]} 56. Ke6 {
[%emt 0:00:04]} Re3 {[%emt 0:02:23]} 57. Kf5 {[%emt 0:00:04]} Bd6 {[%emt 0:00:
20]} 58. Rg8 {[%emt 0:01:16]} Re1 {[%emt 0:01:15]} 59. Rg6 {[%emt 0:00:52]} Kc5
{[%emt 0:00:31]} 60. Rg8 {[%emt 0:00:32]} Kc6 {[%emt 0:01:29]} 61. Rg6 {
[%emt 0:00:10]} Rd1 {[%emt 0:00:15]} 62. Rg8 {[%emt 0:00:36]} Rd3 {[%emt 0:00:
25]} 63. Rg6 {[%emt 0:02:11]} Kc5 {[%emt 0:00:20]} 64. Rg8 {[%emt 0:00:38]} Bc7
{[%emt 0:02:04]} 65. Rc8 {[%emt 0:01:28]} Kc6 {[%emt 0:00:07]} 66. Rg8 {
[%emt 0:00:04]} Kc5 {[%emt 0:00:46]} 67. Rc8 {[%emt 0:00:06]} Rd7 {[%emt 0:00:
22]} 68. g4 {[%emt 0:03:37]} Kd6 {[%emt 0:02:20]} 69. Rf8 {[%emt 0:00:28]} Rg7
{[%emt 0:01:12]} 70. g5 {[%emt 0:00:26]} Ke7 {[%emt 0:00:24]} 71. Ra8 {[%emt 0:
00:46]} Kf7 {[%emt 0:00:45]} 72. Ra7 {[%emt 0:00:44]} Ke8 {[%emt 0:00:32]} 73.
g6 {[%emt 0:00:32]} Rd7 {[%emt 0:00:39]} 74. Ke6 {[%emt 0:01:23]} Rd6+ {
[%emt 0:00:11]} 75. Kxe5 {[%emt 0:01:34]} Rxg6+ {[%emt 0:00:43]} 76. Rxc7 {
[%emt 0:00:26]} Ra6 {[%emt 0:00:06]} 77. Kf5 {[%emt 0:00:21]} Rb6 {[%emt 0:00:
11]} 78. e5 {[%emt 0:00:14]} Ra6 {[%emt 0:00:08]} 79. Rh7 {[%emt 0:01:45]} Rb6
{[%emt 0:00:08]} 80. e6 {[%emt 0:01:01]} Rb1 {[%emt 0:00:10]} 81. Rh8+ {
[%emt 0:00:11]} Ke7 {[%emt 0:00:06]} 82. Rh7+ {[%emt 0:00:04]} Ke8 {[%emt 0:00:
04]} 83. Rh8+ {[%emt 0:00:42]} Ke7 {[%emt 0:00:02]} 1/2-1/2

[Event "36th European Club Cup 2021"]
[Site "Struga"]
[Date "2021.09.20"]
[Round "3.1"]
[White "Mamedyarov, Shakhriyar"]
[Black "Korobov, Anton"]
[Result "1/2-1/2"]
[WhiteElo "2762"]
[BlackElo "2685"]
[Annotator "TA"]
[PlyCount "54"]
[EventDate "2021.09.18"]
[EventType "team-tourn"]
[EventCountry "MKD"]
[SourceTitle "playchess.com"]
[Source "ChessBase"]
[SourceQuality "1"]

{[%evp 15,54,15,28,-29,-31,-37,-40,-42,-38,-33,-32,-30,-23,-34,-25,-17,-6,-10,
-25,-10,-10,-33,-26,-30,0,0,0,-24,0,0,0,-1,0,0,0,-8,0,0,0,0,0]} 1. d4 d5 2. c4
c6 3. Nc3 Nf6 4. Nf3 dxc4 5. a4 Bf5 6. Ne5 Nbd7 7. Nxc4 Nb6 8. Ne5 a5 9. Rg1 {
D17: Slav Defence: 5 a4 Bf5: Lines with 6 Nh4 and 6 Ne5.} (9. h4 $142) 9...
Nfd7 $11 {[#]} 10. e4 $146 ({Predecessor:} 10. Nxd7 Qxd7 11. e4 Bg6 12. Be3 Nc8
13. h4 h6 14. h5 Bh7 15. g4 e6 16. g5 hxg5 17. Rxg5 {0-1 (33) Barrionuevo,P 
(2259)-Al Tarbosh,W (2189) Chess.com INT 2021}) 10... Bg6 11. Nxg6 {Black is
slightly better.} hxg6 12. Bg5 Qc7 13. e5 $1 e6 14. Bd3 $1 Rxh2 15. Qg4 {
[#] Intending Qxe6+! and mate.} Be7 16. Bxe7 Kxe7 17. Qg5+ Kf8 18. Bxg6 {
aiming for Qf4!} Rh6 $1 {[%cal Rh6g6]} 19. Bc2 Qd8 (19... c5 $5 {[%cal Rc5d4]}
20. Nb5 Qd8 21. Qxd8+ Rxd8 $11) 20. Qg3 Qh4 21. Qe3 Qg4 22. Bd1 {The position
is equal.} Qg6 23. Bb3 Qg4 24. Bd1 Qg6 25. Bb3 Qg4 26. Bd1 Qg6 27. Bb3 Qg4 {
Weighted Error Value: White=0.05/Black=0.03} 1/2-1/2

[Event "36th European Club Cup 2021"]
[Site "Struga"]
[Date "2021.09.20"]
[Round "3.2"]
[White "Shirov, Alexei"]
[Black "Shankland, Sam"]
[Result "1/2-1/2"]
[WhiteElo "2652"]
[BlackElo "2720"]
[Annotator "TA"]
[PlyCount "60"]
[EventDate "2021.09.18"]
[EventType "team-tourn"]
[EventCountry "MKD"]
[SourceTitle "playchess.com"]
[Source "ChessBase"]
[SourceQuality "1"]

{[%evp 11,60,12,5,-7,-12,-15,0,-19,-23,-23,-18,-21,-14,-16,-18,-162,-98,-94,
-100,-110,-126,-121,0,0,0,0,0,0,0,0,0,0,0,0,0,0,0,0,0,0,0,0,0,0,0,0,0,0,0,0,0]
} 1. e4 c6 2. d4 d5 3. e5 Bf5 4. h4 h5 5. Bd3 Bxd3 6. Qxd3 e6 7. Bg5 {B12:
Caro-Kann: Advance Variation.} Qb6 8. Nd2 c5 9. c4 Qxb2 10. Rd1 Nc6 11. cxd5
Qxd4 {[#]} 12. Qb5 $146 {[%mdl 64] [#] Pin} ({Predecessor:} 12. Qb3 Qxd5 13.
Qxb7 Nxe5 14. Qb5+ Qc6 15. Qe2 f6 16. Rh3 O-O-O 17. Rb1 c4 18. Bf4 {1/2-1/2 
(69) Vujovic,S (2151)-Ranaldi,L (2325) Chess.com INT 2021}) 12... Qb4 $1 13.
Qe2 (13. Qxb4 $11 Nxb4 14. dxe6) 13... Nd4 (13... exd5 $19 14. Nh3 Nge7) 14.
Qd3 exd5 15. Rb1 {[#]} Qa4 16. Rxb7 Qc2 ({Don't blunder} 16... Qxa2 $2 17. Ne2
$18) ({Better is} 16... Qc6 $17 17. Rb2 Ne6) 17. Qxc2 $11 {The position is
equal.} Nxc2+ 18. Kd1 $1 {[%cal Rd1c2]} Nd4 19. Ne2 Ne6 20. Nc3 Be7 21. Nb5 (
21. Nxd5 $2 Bxg5 22. hxg5 O-O-O $19) 21... Nd8 22. Rc7 Ne6 {aiming for ...a6.}
23. Rb7 Nd8 24. Rc7 Ne6 {Hoping for ...a6.} 25. Rb7 $1 Nd8 26. Rc7 Ne6 {
...a6 is the strong threat.} 27. Rb7 $1 Nd8 28. Rc7 Ne6 {Strongly threatening .
..a6.} 29. Rb7 Nd8 30. Rc7 Ne6 {Weighted Error Value: White=0.08/Black=0.07}
1/2-1/2

[Event "36th European Club Cup 2021"]
[Site "Struga"]
[Date "2021.09.20"]
[Round "3.3"]
[White "Dubov, Daniil"]
[Black "Abasov, Nijat"]
[Result "0-1"]
[WhiteElo "2714"]
[BlackElo "2652"]
[Annotator "TA"]
[PlyCount "78"]
[EventDate "2021.09.18"]
[EventType "team-tourn"]
[EventCountry "MKD"]
[SourceTitle "playchess.com"]
[Source "ChessBase"]
[SourceQuality "1"]

{[%evp 9,78,4,6,-1,-14,-14,29,-16,16,17,27,0,15,8,6,0,14,0,12,12,23,17,27,26,
20,15,25,24,14,13,22,19,22,17,9,0,0,0,0,0,0,-39,-40,-48,-45,-54,-50,-166,-165,
-189,-183,-268,-264,-278,-262,-283,-275,-289,-289,-275,-281,-275,-291,-357,
-356,-610,-522,-6318,-6187,-5828,-1187]} 1. c4 Nf6 2. Nc3 e5 3. Nf3 Nc6 4. e4
Bb4 5. d3 d6 6. Be2 {A28: English Opening: Four Knights Variation.} Bc5 7. O-O
Bg4 {[#]} 8. Rb1 $146 {White has an edge.} (8. Nxe5 $5 Nxe5 9. d4 $11) ({
Predecessor:} 8. Bg5 h6 9. Bxf6 Qxf6 10. Nd5 Qd8 11. Nd2 Be6 12. Kh1 O-O 13. f4
exf4 14. Nxf4 {1-0 (36) Abasov,N (2505)-Sasikiran,K (2669) Warsaw 2009}) 8...
a6 9. b4 Ba7 ({But not} 9... Nxb4 $6 {[#]} 10. Rxb4 $1 {[%mdl 512]} Bxb4 11.
Qa4+ b5 12. Qxb4 $16) 10. Kh1 h6 11. h3 Bxf3 12. Bxf3 Nd4 13. g3 Nxf3 14. Qxf3
c6 15. a4 Qd7 16. Kg2 Qe6 17. Nd1 O-O 18. Ne3 Bxe3 19. Bxe3 b5 20. Rfc1 bxa4
21. Ra1 a5 22. b5 cxb5 23. cxb5 Rfb8 24. Rcb1 d5 25. Qd1 dxe4 26. dxe4 Nxe4 {
[#] ...Nc3 is the strong threat.} 27. Qd3 Nd6 28. b6 (28. Kh2 $15) 28... Nc4
$19 29. Qe4 f5 30. Qf3 (30. Qd3 $142) 30... e4 31. Qe2 Nxb6 32. Bxb6 Rxb6 33.
Rxb6 Qxb6 {[%mdl 4096] Endgame KQR-KQR} 34. Qc4+ Kh8 35. Qxa4 e3 {aiming for ..
.Qb7+.} 36. fxe3 Qxe3 37. h4 $2 (37. Qc2) 37... Rd8 {( -> ...Rd2+). Black is
clearly winning.} 38. Qxa5 Rd2+ 39. Kh3 Qe2 {Weighted Error Value: White=0.42/
Black=0.07} (39... Qf2 $142 40. Qxd2 Qxd2) 0-1

[Event "36th European Club Cup 2021"]
[Site "Struga"]
[Date "2021.09.20"]
[Round "3.4"]
[White "Santos Latasa, Jaime"]
[Black "Kryvoruchko, Yuriy"]
[Result "1-0"]
[WhiteElo "2627"]
[BlackElo "2689"]
[Annotator "TA"]
[PlyCount "121"]
[EventDate "2021.09.18"]
[EventType "team-tourn"]
[EventCountry "MKD"]
[SourceTitle "playchess.com"]
[Source "ChessBase"]
[SourceQuality "1"]

{[%evp 10,121,11,10,15,17,12,14,7,7,20,19,27,14,12,10,23,11,23,22,27,13,18,15,
42,31,31,33,29,25,36,36,46,28,52,51,55,62,58,29,75,33,91,95,90,86,203,90,93,63,
100,97,81,80,93,106,141,115,167,159,317,348,322,91,139,104,128,128,96,104,124,
126,118,133,126,125,125,125,129,131,114,112,1669,1669,1225,1208,1681,1584,1238,
858,853,843,802,793,869,783,869,849,885,854,775,711,888,902,1210,1202,1281,
1301,1224,1183,5214,5206,1712,1648]} 1. Nf3 Nf6 2. c4 e6 3. b3 b6 4. g3 Bb7 5.
Bg2 d5 6. O-O Bd6 {A13: English Opening: 1...e6.} 7. Bb2 O-O 8. cxd5 $5 {
[%mdl 4] An interesting side line.} exd5 {The position is equal.} 9. Nc3 a6 {
[#]} 10. d3 $1 $146 {[%mdl 8] A relevant novelty.} ({Predecessor:} 10. e3 Re8
11. Rc1 Nbd7 12. Qc2 Rc8 13. Rfd1 Qe7 14. Qf5 Ne5 15. Nxe5 Qxe5 16. Qxe5 Bxe5 {
1-0 (60) Markowski,T (2561)-Mista,A (2595) Warsaw 2018}) 10... Nbd7 11. Re1 Re8
12. Rc1 Rb8 $1 13. e3 b5 14. d4 Qe7 15. Ne2 Ne4 16. Nf4 Rbc8 17. Nd3 f6 18. Re2
c6 19. Rec2 Rcd8 20. Bh3 Nb8 21. Qe1 Bc8 22. Bxc8 Rxc8 23. Bc3 Nxc3 24. Rxc3 g5
25. Qe2 Qe4 ({Black should try} 25... Ba3 $14) 26. Nc5 $16 Qg4 27. Kg2 $36 {
[%mdl 2048] White has strong initiative.} Kg7 (27... Qf5 $16) 28. Qd3 (28. h3
$18 Qh5 29. Nxa6 $1) 28... Rc7 29. Nd2 Rce7 30. b4 h5 31. a3 Qc8 32. h3 Rf7 33.
e4 Bxc5 (33... dxe4 $16 34. Ndxe4 Bc7) 34. Rxc5 $18 dxe4 (34... Qe6 $16 {
might work better.}) 35. Nxe4 Qd8 36. g4 $2 (36. Rf5 $18) 36... Nd7 {[%cal
Bb8d7,Bd7f8,Bf8e6,Be6f4,Bf4e2][%mdl 32]} 37. R5c3 {Nd6 is the strong threat.} (
37. Rxc6 $6 Ne5 $1 $11) (37. gxh5 $6 Nxc5 38. Rxc5 Qd7 $11) 37... Nf8 {[#]} 38.
Ng3 $1 (38. Rxc6 $6 Ng6 $15) (38. gxh5 $6 Ne6 $11) 38... hxg4 39. hxg4 Ne6 {
White must now prevent ...Nf4+.} 40. Nf5+ Kg8 {aiming for ...Nf4+.} 41. Nh6+
Kg7 {Hoping for ...Nf4+.} 42. Nxf7 Nf4+ {[#]} 43. Kf1 $1 Rh8 {[%cal Rh8h1] [#]}
44. Kg1 {[%mdl 512]} Kxf7 (44... Qd7 45. Qf5) 45. Qe4 Re8 $2 {[%mdl 8192]
Black cannot hold the game after this.} (45... Qe8 $16 46. Re1 (46. Qxc6 Ne2+ {
[%mdl 64] Double Attack} 47. Kg2 Nf4+ 48. Kg1 Ne2+ {[%mdl 64] Double Attack}
49. Kg2 Nf4+ 50. Kg1 $11) (46. Qxe8+ Rxe8 47. Kf1 Ne2 $14 {[%mdl 64] Double
Attack}) 46... Qd7) 46. Qh7+ {White is clearly winning.} Kf8 47. Rxc6 {White
wants to mate with Rc7.} ({Worse is} 47. Re3 Rxe3 48. fxe3 Ne2+ 49. Kf2 Nxc1
$11) 47... Ne2+ 48. Kf1 {Intending Rc7! and mate.} Nxc1 49. Rc7 Qxc7 50. Qxc7 {
[%mdl 4096] Endgame KQ-KRN} Nd3 51. d5 Re1+ 52. Kg2 Nf4+ 53. Kf3 Ng6 54. Qb8+
Kg7 55. Qb7+ Re7 56. Qxa6 Nh4+ 57. Kg3 Rc7 58. d6 Rc3+ 59. Kh2 Rd3 60. Qb7+ Kh6
61. Qf7 {Weighted Error Value: White=0.17/Black=0.19} 1-0

[Event "36th European Club Cup 2021"]
[Site "Struga"]
[Date "2021.09.20"]
[Round "3.5"]
[White "Inarkiev, Ernesto"]
[Black "Alonso Rosell, Alvar"]
[Result "1-0"]
[WhiteElo "2663"]
[BlackElo "2566"]
[Annotator "TA"]
[PlyCount "47"]
[EventDate "2021.09.18"]
[EventType "team-tourn"]
[EventCountry "MKD"]
[SourceTitle "playchess.com"]
[Source "ChessBase"]
[SourceQuality "1"]

{[%evp 10,47,24,0,0,0,8,6,8,-20,33,28,13,34,24,16,88,91,121,120,127,104,139,
143,144,127,245,148,177,154,301,170,297,189,232,176,612,597,588,565]} 1. d4 Nf6
2. c4 e6 3. Nf3 d5 4. g3 dxc4 5. Bg2 a6 6. Ne5 Bb4+ {E04: Open Catalan: 5 Nf3.}
7. Nc3 Nd5 8. Bd2 Nb6 {The position is equal.} 9. Ne4 $5 {[%mdl 4] An
interesting side line.} Be7 {[#]} (9... Bxd2+ $11 10. Nxd2 (10. Qxd2 f6 $11)
10... Qxd4 11. Ndxc4 Qxd1+ 12. Rxd1 N8d7) 10. Ba5 $146 ({Predecessor:} 10. e3
N8d7 11. f4 O-O 12. Rc1 f5 13. Nf2 Nxe5 14. fxe5 Rb8 15. O-O Bd7 16. b3 cxb3
17. Qxb3 {0-1 (70) Zhukova,N (2443)-Kosteniuk,A (2503) Olginka 2011}) 10...
N8d7 11. Qc2 Nxe5 12. dxe5 Qd7 (12... Nd5 $11 {keeps the balance.}) 13. Bxb6
$16 Bb4+ 14. Kf1 cxb6 15. Qxc4 Qb5 {[#]} 16. Qc7 O-O {...Bd7 would now be nice
for Black.} 17. Rd1 Bc5 (17... Qa5 $16 {might work better.}) 18. b3 Ba3 19. f4
a5 (19... Qe8 $16 20. Qxb6 a5) 20. Bf3 (20. Rd8 $142 Rxd8 21. Qxd8+ Bf8 22. Kf2
) 20... a4 (20... Qe8 $142 21. Qxb6 Ra6) 21. Kg2 {And now Rd8 would win.} axb3
22. axb3 {[#] Strongly threatening Rd8.} Kh8 $2 (22... Qa5 23. Rd8 b5 24. Rxf8+
Kxf8) 23. Rd8 $18 Bd7 24. Qxd7 {Weighted Error Value: White=0.22/Black=0.69}
1-0

[Event "36th European Club Cup 2021"]
[Site "Struga"]
[Date "2021.09.20"]
[Round "3.6"]
[White "Henderson de La Fuente, Lance"]
[Black "Predke, Alexandr"]
[Result "1/2-1/2"]
[WhiteElo "2491"]
[BlackElo "2662"]
[Annotator "TA"]
[PlyCount "70"]
[EventDate "2021.09.18"]
[EventType "team-tourn"]
[EventCountry "MKD"]
[SourceTitle "playchess.com"]
[Source "ChessBase"]
[SourceQuality "1"]

{[%evp 17,70,0,0,0,2,-13,8,3,13,10,19,19,16,10,39,0,18,5,9,0,8,-4,14,16,18,25,
12,20,22,26,22,21,25,0,8,4,4,-11,-9,-6,0,0,0,0,0,0,0,0,0,0,0,0,0,-3,0]} 1. e4
e5 2. Nf3 Nc6 3. Nc3 Nf6 4. d4 exd4 5. Nxd4 Bb4 6. Nxc6 bxc6 7. Bd3 d5 8. exd5
cxd5 9. O-O O-O 10. h3 {C47: Scotch Four Knights and Four Knights with 4 g3.}
c6 11. Qf3 Rb8 12. Bf4 Bd6 13. b3 Rb4 14. Bxd6 {14.Ne2 injects fresh life into
this line.} Qxd6 15. Qg3 Qd8 {[#]} 16. Qf3 $146 ({Predecessor:} 16. Rfe1 Nh5
17. Qe5 Nf4 18. Qe7 Nxd3 19. cxd3 Qa5 20. Na4 Rf4 21. Re2 Rf6 22. Qc5 {1/2-1/2
(78) Skripchenko,A (2455)-Kovanova,B (2382) Novi Sad 2016}) 16... Rb7 17. Ne2 {
[%cal Bc3e2,Be2f4,Bf4d3][%mdl 32]} c5 18. Rad1 Re7 19. Nf4 Re5 20. Rfe1 Qc7 21.
Rxe5 Qxe5 22. Bf1 {[%cal Rf4d5]} d4 23. Bc4 Re8 24. Nd3 Qc7 25. Qg3 Qxg3 {
The position is equal.} 26. fxg3 Ne4 27. Re1 Kf8 28. g4 h6 29. a4 a5 30. Bd5
Nc3 31. Rxe8+ Kxe8 32. Bc4 Ne4 33. Bd5 Nc3 34. Bc4 Ne4 35. Bd5 Nc3 {Not much
happened in this game.  Weighted Error Value: White=0.05/Black=0.05} 1/2-1/2

[Event "36th European Club Cup 2021"]
[Site "Struga"]
[Date "2021.09.20"]
[Round "3.7"]
[White "Gukesh D"]
[Black "Svidler, Peter"]
[Result "1/2-1/2"]
[WhiteElo "2599"]
[BlackElo "2701"]
[Annotator "TA"]
[PlyCount "82"]
[EventDate "2021.09.18"]
[EventType "team-tourn"]
[EventCountry "MKD"]
[SourceTitle "playchess.com"]
[Source "ChessBase"]
[SourceQuality "1"]

{[%evp 19,82,17,47,0,13,0,10,5,14,-22,0,0,15,0,0,9,19,0,42,50,52,49,66,66,73,
68,82,77,72,36,35,32,29,16,29,29,20,29,22,25,33,20,42,20,44,7,14,1,0,0,0,0,0,0,
0,0,10,0,39,0,0,0,2,0,4]} 1. d4 Nf6 2. c4 g6 3. Nc3 d5 4. cxd5 Nxd5 5. e4 Nxc3
6. bxc3 Bg7 7. Bc4 c5 8. Ne2 Nc6 9. Be3 O-O 10. O-O b6 {10...Bg4 is the modern
continuation.} 11. Qd2 {D87: Exchange Grünfeld: Classical Line: Variations
without ...cxd4.} Bb7 12. Rac1 e6 13. f3 Rc8 14. h4 cxd4 ({Wrong is} 14... Qxh4
$2 15. Bg5 $18) 15. cxd4 Qd6 ({Don't go for} 15... Qxh4 $2 16. Bg5 $18) 16. h5
Rfd8 {[%cal Rc6d4]} 17. Rfd1 {[#]} Na5 $146 ({Predecessor:} 17... Qe7 18. h6
Bf8 19. Bg5 f6 20. Be3 Na5 21. Bb5 Rxc1 22. Rxc1 Rc8 23. Rxc8 Bxc8 24. Kf2 Kf7
25. a4 Bd7 26. Qc2 Bxb5 27. axb5 {1/2-1/2 (27) Hrubcik,M (2406)-Kuta,J (2365)
ICCF email 2017}) 18. Bd3 Nc6 {[%cal Rc6d4]} 19. e5 Qb4 20. Be4 Qxd2 21. Rxd2
Na5 {[#] Threatens to win with ...Rxc1+.} 22. Bxb7 $1 Rxc1+ 23. Nxc1 {Hoping
for Ba6.} Nxb7 24. h6 Rc8 $1 {[%cal Rc8c1]} 25. Ne2 Bf8 26. d5 Rd8 27. Nc3 Bb4
28. Rd3 Nc5 29. Bxc5 Bxc5+ $11 {[%mdl 4096] Endgame KRB-KRN} 30. Kf1 exd5 $1
31. Nxd5 {[#] Intending Nf6+ and mate.} Kh8 32. g4 g5 $1 33. Ke2 Re8 34. Ne3 (
34. Nf6 {seems wilder.} Rxe5+ 35. Kf1 Be7 36. Rc3 Bc5 37. Nd7) 34... Kg8 35.
Rd5 f6 36. Nc4 fxe5 37. Kd3 Bf8 38. Rd7 Bxh6 39. Rxa7 Rd8+ {The position is
equal.} 40. Ke2 b5 41. Nd2 Bg7 $1 {Weighted Error Value: White=0.09/Black=0.06}
1/2-1/2

[Event "36th European Club Cup 2021"]
[Site "Struga"]
[Date "2021.09.20"]
[Round "3.8"]
[White "Esipenko, Andrey"]
[Black "Dudin, Gleb"]
[Result "1-0"]
[WhiteElo "2720"]
[BlackElo "2434"]
[Annotator "TA"]
[PlyCount "39"]
[EventDate "2021.09.18"]
[EventType "team-tourn"]
[EventCountry "MKD"]
[SourceTitle "playchess.com"]
[Source "ChessBase"]
[SourceQuality "1"]

{[%evp 13,39,-4,0,0,0,0,0,0,0,-14,0,0,58,51,51,54,73,82,318,324,672,668,633,
658,617,532,1377,1355]} 1. e4 e5 2. Nf3 Nc6 3. d4 exd4 4. Nxd4 Bc5 5. Nb3 Bb6
6. Nc3 Nge7 7. a4 a6 8. Nd5 {C45: Scotch Game.} Nxd5 9. exd5 Qf6 {[%csl Gb6]
[%cal Rf6f2]} 10. Qe2+ {The position is equal.} Ne7 $1 11. h4 h6 12. Bd2 $5 {
[%mdl 4] An interesting side line.} O-O (12... Qxb2 $11 13. Rh3 (13. Bb4 $2 d6
$19) 13... Qxc2) 13. a5 $36 {[%mdl 2048] White is pushing.} Ba7 14. Bc3 Qd6 15.
O-O-O ({Much worse is} 15. Qg4 $6 Ng6 $15) 15... Nxd5 $2 {[#]} (15... b5 $16)
16. Rxd5 $1 $18 {[%mdl 512]} Qxd5 {[#]} (16... Qf4+ 17. Kb1 d6) 17. Qg4 $1 {
[%csl Gc3][%cal Rg4g7] White is clearly winning.} g6 {White must now prevent ..
.Qf5.} 18. Qf4 {[%csl LRc7,LRh6]} Kh7 19. Bd3 {[#] White wants to mate with
Bxg6+!} f5 $146 ({Predecessor:} 19... Qd6 20. Be5 Qe6 21. h5 f5 22. hxg6+ Qxg6
23. Rh3 d6 24. Bc3 Bd7 25. Rg3 Qf7 {1-0 (51) Bakalarz,M (2333)-Mamedjarova,T 
(2191) Antalya 2004}) 20. Bd2 {Black got outplayed after the opening. 
Weighted Error Value: White=0.06/Black=0.67} 1-0